| 000 | 00364nam a22001217a 4500 | ||
|---|---|---|---|
| 008 | 190313b xxu||||| |||| 00| 0 eng d | ||
| 041 | _aeng | ||
| 080 | _a043.3 | ||
| 100 | _a0 | ||
| 101 | _aSHP-BA | ||
| 245 |
_aAnetaresimi i Kosoves ne BE eshte i larget, por eshte ne interesin e Kosoves te zbatoj kriteret dhe standardet evropiane _cRexhepi, V |
||
| 942 |
_2udc _cBK |
||
| 999 |
_c54765 _d54765 |
||